00545cam a22002171 4500001001300000003000400013005001700017008004100034010001700075035002000092040001800112042001200130050001700142100003000159245003300189260001100222300001900233650002000252700003800272999001700310sa 68000398 DLC20260227112423.0881102s1964 xx 000 0 urdo  asa 68000398  a(OCoLC)23540440 aDLCcMiUdDLC apremarc00aPK1971b.H350 aʻAbdulḥaq,d1869-1961.10aMuqaddamāt-i ʻAbdulḥaq. c[1964] a800 p.c23 cm. 0aUrdu philology.0 aʻIbādat Barelvī,d1920-1999. c77184d77184